000 00858nam a22002057a 4500
999 _c5755
_d5755
003 AR-CdUCM
008 190313b ||||| |||| 00| 0 spa d
040 _aMUNICIPALIDAD PROVINCIAL DEL CUSCO
_cBIBLIOTECA MUNICIPAL DEL CUSCO
082 _a194.7 /
_bT35
100 _aTello Palomino, Moisés
_917121
245 _a¿Obscenidad? /
260 _aCusco :
_bImprenta Yañes ,
_c1995.
300 _a393 páginas ;
_c20.5 cm.
505 _aContenido : Una sancion de religion y moral -- La sensacion estética -- Psicoanalizando -- Metiéndonos en honduras -- El cuerpo -- El estropicio en plumas inmortales -- Veamos es malo por que es prohibido -- Algunas mujeres célebres -- Del adulterio civilizado...
650 _aErotismo
_917122
650 _aAxiologia de la Obsenidad
_917123
650 _aPsicoanalisis
_917124
942 _2ddc
_cLIBROS
945 _artm